000 00695nam a22002057a 4500
003 OSt
005 20220908160731.0
008 220908b |||||||| |||| 00| 0 eng d
040 _cBiblioteca Lado V
082 _a750.728.6
_bUN58a
110 _aUniversidad de Costa Rica
245 _aAniversario/
246 _aCatalogo de exposición de quintos anos 1999/
260 _aSan Jose, Costa rica
_bUniversidad de Costa Rica
_c1999
300 _a25p.
_c22x22cm
630 _aTesauro de Arte & Arquitectura
_lCATALOGO
630 _aTesauro de Arte & Arquitectura
_lAMATEUR
630 _aTesauro de Arte & Arquitectura
_lCOSTA RICA
942 _2ddc
_c1
_h750.728.6 UN58a
_n0
999 _c1953
_d1953